The noble scholar, jurist, historian


 His Excellency Dr. Abdul Wahhab bin Ibrahim Abu Sulaiman, may Allah have mercy on him.


 He was born in Umm Al-Qura in the year 1356 AH.

الخصائص الموضوعية والأسلوبية في حديث القرآن عن القرآن / (Record no. 12632)

MARC details
000 -LEADER
fixed length control field 02440cam a2200325 i 4500
003 - CONTROL NUMBER IDENTIFIER
control field SA-RiAUC
005 - DATE AND TIME OF LATEST TRANSACTION
control field 20251020065923.0
008 - FIXED-LENGTH DATA ELEMENTS--GENERAL INFORMATION
fixed length control field 251003s2007 ts g b i000 0 ara c
024 0# - OTHER STANDARD IDENTIFIER
Standard number or code 00000000741475
040 ## - CATALOGING SOURCE
Original cataloging agency kapl
Language of cataloging ara
Transcribing agency SA-RiAUC
Modifying agency AE-DuMBRL
Description conventions rda
050 #4 - LIBRARY OF CONGRESS CALL NUMBER
Item number .A46 2007
082 04 - DEWEY DECIMAL CLASSIFICATION NUMBER
Classification number 225
Assigning agency SA-RiAUC
090 ## - LOCALLY ASSIGNED LC-TYPE CALL NUMBER (OCLC); LOCAL CALL NUMBER (RLIN)
Classification number (OCLC) (R) ; Classification number, CALL (RLIN) (NR) 225
Local cutter number (OCLC) ; Book number/undivided call number, CALL (RLIN) ع م ا
100 1# - MAIN ENTRY--PERSONAL NAME
Personal name العمار، عبد العزيز بن صالح
Relator term مؤلف.
245 12 - TITLE STATEMENT
Title الخصائص الموضوعية والأسلوبية في حديث القرآن عن القرآن /
Statement of responsibility, etc. تأليف عبد العزيز بن صالح العمار.
250 ## - EDITION STATEMENT
Edition statement الطبعة الأولى.
264 #1 - PRODUCTION, PUBLICATION, DISTRIBUTION, MANUFACTURE, AND COPYRIGHT NOTICE
Place of production, publication, distribution, manufacture دبي، الإمارات العربية المتحدة :
Name of producer, publisher, distributor, manufacturer جائزة دبي الدولية للقرآن الكريم،
Date of production, publication, distribution, manufacture, or copyright notice 2007.
300 ## - PHYSICAL DESCRIPTION
Extent 102 صفحة ؛
Dimensions 24 × 17 سم.
336 ## - CONTENT TYPE
Content type term نص
Content type code txt
Source rdacontent
Materials specified كتاب
337 ## - MEDIA TYPE
Media type term بدون وسيط
Media type code n
Source rdamedia
338 ## - CARRIER TYPE
Carrier type term مجلد
Carrier type code nc
Source rdacarrier
490 0# - SERIES STATEMENT
Series statement سلسلة الدراسات القرآنية ؛
Volume/sequential designation 3
504 ## - BIBLIOGRAPHY, ETC. NOTE
Bibliography, etc. note ببليوجرافية : صفحة 99-100.
520 ## - SUMMARY, ETC.
Summary, etc. يتناول كتاب (الخصائص الموضوعية والأسلوبية في حديث القرآن عن القرآن) والذي قام بتأليفه "عبد العزيز بن صالح العمار" في حوالي (102) صفحة من القطع المتوسط موضوع (تفسير القرآن الكريم) مستعرضا المحتويات التالية : تعريف المكي والمدني، الخصائص الموضوعية للآيات المكية في حديثها عن القرآن الكريم، أوصاف للقرآن الكريم لم ترد إلا في العهد المكي، الحكمة والدلالة، الخصائص الأسلوبية للقرآن الكريم في العهد المكي، الخصائص الموضوعية للآيات المدنية في حديثها عن القرآن الكريم، أوصاف للقرآن لم ترد إلا في العهد المدني، الخصائص الأسلوبية للآيات المدنية في حديثها عن القرآن، بيان الفروق التعبيرية بين المكي والمدني من خلال نصوص لكل منهما.
630 27 - SUBJECT ADDED ENTRY--UNIFORM TITLE
Uniform title القرآن
General subdivision إعجاز
Source of heading or term aucut
630 27 - SUBJECT ADDED ENTRY--UNIFORM TITLE
Uniform title القرآن
General subdivision تفسير
Source of heading or term aucut
730 22 - ADDED ENTRY--UNIFORM TITLE
Uniform title القرآن
942 ## - ADDED ENTRY ELEMENTS (KOHA)
Source of classification or shelving scheme Dewey Decimal Classification
Koha item type Books
Suppress in OPAC No
949 ## - LOCAL PROCESSING INFORMATION (OCLC)
a SA-JeALM
d 251003
u mohamedma123
n 1
Holdings
Withdrawn status Lost status Source of classification or shelving scheme Damaged status Not for loan Home library Current library Date acquired Total checkouts Full call number Barcode Date last seen Price effective from Koha item type
    Dewey Decimal Classification     DR AbdElwahab Library DR AbdElwahab Library 10/20/2025   225 ع م ا 000020377 10/20/2025 10/20/2025 Books